000 00544nam a2200241Ia 4500
005 20250425162138.0
008 250425s9999 xx 000 0 und d
041 _aeng
082 _a310.021
100 _aMILKEN, INSTITUTE
245 0 _aMILKEN INSTITUTE
250 _aS.E.
260 _aCALIFORNIA CITY
260 _aEstados Unidos
_bS.E.
_c2002
300 _a700
650 _aCAPITAL
650 _aECONOMIA
650 _aESTADISTICA
650 _aTECNOLOGIA
710 _aMILKEN INSTITUTE
942 _c01
010 _a52848
999 _c223242
_d223242